[Event "e2e4 Dublin Easter Masters"]
[Site "Dublin IRL"]
[Date "2012.04.08"]
[Round "7"]
[White "Astaneh Lopez, Alex"]
[Black "Rudd, Jack"]
[Result "1-0"]
[WhiteTitle "IM"]
[BlackTitle "IM"]
[WhiteElo "2400"]
[BlackElo "2303"]
[WhiteFideId "2501430"]
[BlackFideId "405736"]
[EventDate "2012.04.05"]

1. e4 d6 2. d4 g6 3. Nf3 Bg7 4. c3 Nd7 5. Bc4 e6 6. O-O Ne7 7. Re1 a6 8. a4 b6
9. Nbd2 Bb7 10. Bb3 h6 11. Nf1 g5 12. h3 Ng6 13. Ng3 Nf6 14. Bc2 g4 15. hxg4
Nxg4 16. Nh5 Rg8 17. g3 Bf8 18. a5 b5 19. c4 e5 20. cxb5 axb5 21. Qe2 c6 22. d5
Nf6 23. Nxf6+ Qxf6 24. dxc6 Bxc6 25. Bd3 Ke7 26. Kh2 Bd7 27. Ng1 Nf4 28. Bxf4
exf4 29. e5 Qg5 30. Qf3 fxg3+ 31. fxg3 d5 32. Nh3 Qg4 33. Qxg4 Rxg4 34. Nf4 Kd8
35. Nxd5 Rd4 36. Be4 Rd2+ 37. Kh1 Rxb2 38. Red1 Ra7 39. Nf6 Ke7 40. Nxd7 Rxd7
41. Rxd7+ Kxd7 42. a6 Bc5 43. a7 Bxa7 44. Rxa7+ Ke6 45. Bg2 f6 46. exf6 Kxf6 47.
Kh2 b4 48. Ra6+ Kg5 49. Kh3 Rc2 50. Be4 Rc3 51. Rg6+ Kh5 52. Rg4 1-0

[Event "e2e4 Dublin Easter Masters"]
[Site "Dublin IRL"]
[Date "2012.04.08"]
[Round "7"]
[White "Gormally, Daniel W"]
[Black "Bomans, Arno"]
[Result "1-0"]
[WhiteTitle "GM"]
[WhiteElo "2520"]
[BlackElo "2228"]
[WhiteFideId "406465"]
[BlackFideId "206024"]
[EventDate "2012.04.05"]

1. d4 d5 2. Nf3 Nf6 3. c4 c6 4. Nc3 e6 5. Bg5 h6 6. Bh4 dxc4 7. e4 g5 8. Bg3 b5
9. e5 Nd5 10. Nd2 Bb7 11. Be2 Nd7 12. O-O Qb6 13. a4 Qxd4 14. axb5 Bg7 15. Nxc4
Nxc3 16. bxc3 Qxd1 17. Rfxd1 Nc5 18. Nd6+ Ke7 19. Nxb7 Nxb7 20. bxc6 Nc5 21. Ra5
Ne4 22. Rd7+ Kf8 23. Raxa7 Rxa7 24. Rxa7 Nxg3 25. c7 Nxe2+ 26. Kf1 Bxe5 27.
c8=Q+ Kg7 28. Qxe6 1-0

[Event "e2e4 Dublin Easter Masters"]
[Site "Dublin IRL"]
[Date "2012.04.08"]
[Round "7"]
[White "Csonka, Attila Istvan"]
[Black "Bjerke, Silje"]
[Result "1-0"]
[WhiteTitle "IM"]
[BlackTitle "WIM"]
[WhiteElo "2384"]
[BlackElo "2238"]
[WhiteFideId "716529"]
[BlackFideId "1502786"]
[EventDate "2012.04.05"]

1. e4 e5 2. Nf3 Nc6 3. c3 Nf6 4. d4 Nxe4 5. d5 Ne7 6. Nxe5 Ng6 7. Nc4 Bc5 8. Be3
d6 9. Nbd2 Nf6 10. b4 Bxe3 11. Nxe3 O-O 12. Be2 Nf4 13. c4 Re8 14. O-O a5 15.
bxa5 Nxe2+ 16. Qxe2 Rxa5 17. Nb3 Ra8 18. h3 b5 19. Rfc1 Bb7 20. Nd4 bxc4 21.
Qxc4 Re5 22. Qxc7 Qxc7 23. Rxc7 Bxd5 24. a4 Be4 25. Nc4 Rc5 26. Rxc5 dxc5 27.
Nb3 Nd7 28. Rd1 Bc6 29. a5 Ba4 30. Rd3 Rb8 31. Nbd2 Kf8 32. Nd6 Ne5 33. Rc3 Rd8
34. N2e4 Nd7 35. Nb7 Rc8 36. Nexc5 Nxc5 37. Nxc5 Bc6 38. Na4 Ke8 39. Nb6 Rc7 40.
a6 Kd8 41. Rxc6 Rxc6 42. a7 1-0

[Event "e2e4 Dublin Easter Masters"]
[Site "Dublin IRL"]
[Date "2012.04.08"]
[Round "7"]
[White "Wall, Gavin"]
[Black "Walton, Alan J"]
[Result "1-0"]
[WhiteTitle "IM"]
[BlackTitle "CM"]
[WhiteElo "2330"]
[BlackElo "2159"]
[WhiteFideId "2501244"]
[BlackFideId "409898"]
[EventDate "2012.04.05"]

1. e4 e6 2. d4 d5 3. e5 c5 4. c3 Qb6 5. Nf3 Nc6 6. a3 Nh6 7. b4 cxd4 8. cxd4 Ng4
9. Be3 f6 10. exf6 gxf6 11. Nc3 Nxe3 12. fxe3 Bh6 13. e4 dxe4 14. Nxe4 O-O 15.
Bc4 Qc7 16. Qd3 Qf4 17. O-O Qe3+ 18. Qxe3 Bxe3+ 19. Kh1 Nxd4 20. Rae1 Nxf3 21.
Rxe3 Nd4 22. Nxf6+ Kh8 23. Rh3 Rf7 24. Rd3 Nc6 25. b5 Ne7 26. Rd8+ Kg7 27. Ne8+
Kg6 28. Bd3+ 1-0

[Event "e2e4 Dublin Easter Masters"]
[Site "Dublin IRL"]
[Date "2012.04.08"]
[Round "7"]
[White "Longson, Alexander"]
[Black "Armstrong, Malcolm J"]
[Result "1/2-1/2"]
[WhiteElo "2267"]
[BlackElo "2026"]
[WhiteFideId "408093"]
[BlackFideId "409049"]
[EventDate "2012.04.05"]

1. e4 e6 2. d4 d5 3. Nd2 dxe4 4. Nxe4 Bd7 5. Nf3 Bc6 6. Bd3 Nd7 7. O-O Ngf6 8.
Ng3 Bxf3 9. Qxf3 c6 10. Re1 Be7 11. c4 O-O 12. Bd2 Re8 13. Bc3 Bf8 14. b4 g6 15.
a4 a6 16. a5 Bg7 17. Re2 h6 18. Rae1 Qc7 19. Bb1 Rad8 20. h3 Nh7 21. h4 Ndf8 22.
Qe3 Nf6 23. Qe5 Qe7 24. Qf4 Rd7 25. Rd2 Red8 26. Qf3 h5 27. Ne2 Ng4 28. g3 Bh6
29. Rd3 Bg7 30. Red1 e5 31. dxe5 1/2-1/2

[Event "e2e4 Dublin Easter Masters"]
[Site "Dublin IRL"]
[Date "2012.04.08"]
[Round "7"]
[White "McMahon, Daire"]
[Black "Redmond, John P."]
[Result "1/2-1/2"]
[WhiteTitle "FM"]
[WhiteElo "2212"]
[BlackElo "2246"]
[WhiteFideId "2500477"]
[BlackFideId "2500051"]
[EventDate "2012.04.05"]

1. d4 d5 2. Nf3 Nf6 3. c4 c6 4. cxd5 cxd5 5. Nc3 Nc6 6. Bf4 Bf5 7. e3 e6 8. Be2
Be7 9. O-O O-O 10. Rc1 Rc8 11. Qb3 1/2-1/2

[Event "e2e4 Dublin Easter Masters"]
[Site "Dublin IRL"]
[Date "2012.04.08"]
[Round "7"]
[White "Rawell, Jon Egil"]
[Black "Short, Philip M"]
[Result "0-1"]
[BlackTitle "FM"]
[WhiteElo "2035"]
[BlackElo "2282"]
[WhiteFideId "1510223"]
[BlackFideId "2500086"]
[EventDate "2012.04.05"]

1. e4 e5 2. Nf3 Nc6 3. Bb5 a6 4. Ba4 Nf6 5. O-O Be7 6. Re1 b5 7. Bb3 d6 8. h3
Na5 9. c3 Nxb3 10. axb3 O-O 11. d4 Nd7 12. d5 Nb6 13. Nbd2 c6 14. c4 cxd5 15.
exd5 f5 16. Qe2 Bd7 17. Nf1 Bf6 18. Ng3 bxc4 19. bxc4 e4 20. Nd2 Be5 21. Ra3 Qc7
22. Ngf1 Na4 23. Nb1 Rab8 24. b3 Nc5 25. f4 Bf6 26. Qc2 a5 27. Be3 Nd3 28. Rd1
a4 29. Nbd2 Nxf4 30. c5 Nxd5 31. Qc4 Be6 32. Rxa4 Qf7 33. Qc1 Nc3 34. Re1 Nxa4
35. bxa4 d5 36. Bf4 Rbc8 37. Qa3 Bd4+ 38. Be3 Bxe3+ 39. Nxe3 d4 40. Nef1 Qa7 41.
Rc1 Ra8 42. Ra1 Rfc8 43. Nb3 Bxb3 44. Qxb3+ Kh8 45. c6 Rxc6 46. Qd5 Qc5 47. Qf7
d3+ 48. Kh2 Qe5+ 0-1

[Event "e2e4 Dublin Easter Masters"]
[Site "Dublin IRL"]
[Date "2012.04.08"]
[Round "7"]
[White "Goossens, Hanne"]
[Black "Firstov, Juri"]
[Result "0-1"]
[WhiteElo "2032"]
[BlackElo "2264"]
[WhiteFideId "200468"]
[BlackFideId "4501233"]
[EventDate "2012.04.05"]

1. e4 c5 2. Nf3 Nc6 3. d4 cxd4 4. Nxd4 Qc7 5. Nc3 e6 6. Be3 Nf6 7. f3 a6 8. Qd2
b5 9. g4 d6 10. Bd3 Nd7 11. O-O-O Nde5 12. Be2 Na5 13. b3 Bd7 14. f4 Nec6 15.
Bf3 Nxd4 16. Bxd4 Nc6 17. Be3 Rc8 18. Ne2 Be7 19. Kb1 a5 20. c3 a4 21. Qb2 axb3
22. axb3 O-O 23. h4 Ra8 24. h5 Ra5 25. g5 Rfa8 26. Rdg1 Ra3 27. Nc1 d5 28. g6 d4
29. h6 fxg6 30. hxg7 dxc3 31. Qxc3 Ra1+ 32. Qxa1 Rxa1+ 33. Kxa1 Bf6+ 34. e5 Nxe5
35. Be4 Qc3+ 36. Ka2 Nc4 37. Nd3 Qc2+ 0-1

[Event "e2e4 Dublin Easter Masters"]
[Site "Dublin IRL"]
[Date "2012.04.08"]
[Round "7"]
[White "Fitzsimons, David"]
[Black "Keogh, Eamon"]
[Result "1-0"]
[WhiteElo "2257"]
[BlackElo "2002"]
[WhiteFideId "2501961"]
[BlackFideId "2500264"]
[EventDate "2012.04.05"]

1. e4 e5 2. Nf3 Nc6 3. Bc4 d6 4. c3 Bg4 5. h3 Bxf3 6. Qxf3 Qf6 7. Qg3 Qg6 8.
Qxg6 hxg6 9. d3 f5 10. Nd2 Nf6 11. O-O Na5 12. Bb5+ c6 13. Ba4 b5 14. Bc2 fxe4
15. dxe4 Nb7 16. a4 bxa4 17. Bxa4 Kd7 18. b4 Kc7 19. Bc2 Be7 20. Nc4 Nh5 21. g3
Nxg3 22. fxg3 Rxh3 23. Bd2 Rxg3+ 24. Kf2 Bh4 25. Ke2 Bf6 26. Rg1 Rxg1 27. Rxg1
d5 28. Ne3 a5 29. exd5 axb4 30. dxc6 Nd6 31. cxb4 Kxc6 32. Bxg6 Ra2 33. Rc1+ Kd7
34. Nc4 Nb5 35. Kd3 Nd4 36. Bc3 Rg2 37. Bxd4 exd4 38. Bf5+ Kd8 39. Ke4 g6 40.
Be6 Re2+ 41. Kd5 Ke7 42. Bg4 Rg2 43. Re1+ Kd8 44. Be6 d3 45. Rd1 Ke7 46. Bh3
Rg5+ 47. Kc6 Bc3 48. b5 Bb4 49. Ne3 Rc5+ 50. Kb6 d2 51. Bg4 Kd6 52. Ka6 Kc7 53.
Bf3 Kd6 54. Nd5 Rxd5 55. Bxd5 Kxd5 56. b6 1-0

[Event "e2e4 Dublin Easter Masters"]
[Site "Dublin IRL"]
[Date "2012.04.08"]
[Round "7"]
[White "Freeman, Gordon"]
[Black "Harstad, Christian"]
[Result "0-1"]
[WhiteElo "2157"]
[BlackElo "2029"]
[WhiteFideId "2501309"]
[BlackFideId "1504045"]
[EventDate "2012.04.05"]

1. e4 e5 2. Nf3 Nc6 3. Nc3 Nf6 4. g3 d5 5. exd5 Nxd5 6. Bg2 Nxc3 7. bxc3 Bd6 8.
O-O O-O 9. Re1 Bg4 10. h3 Bf5 11. Rb1 Rb8 12. d3 Re8 13. c4 Qd7 14. g4 Be6 15.
Ng5 b6 16. Nxe6 Rxe6 17. Bd5 Ree8 18. Be3 Ne7 19. Be4 g6 20. Kh1 f5 21. gxf5
Nxf5 22. Qg4 Rf8 23. Bh6 Rf6 24. Bd5+ Kh8 25. Bg5 Rff8 26. c5 Bxc5 27. Rxe5 Bxf2
28. Rf1 Ng3+ 29. Kg2 Qxg4 30. Rxf2 Rxf2+ 31. Kxf2 Qd4+ 0-1

[Event "e2e4 Dublin Easter Masters"]
[Site "Dublin IRL"]
[Date "2012.04.08"]
[Round "7"]
[White "Salomon, Johan"]
[Black "Courtney, John"]
[Result "1-0"]
[WhiteElo "1996"]
[BlackElo "2132"]
[WhiteFideId "1509500"]
[BlackFideId "2502380"]
[EventDate "2012.04.05"]

1. e4 c5 2. Nf3 d6 3. d4 cxd4 4. Nxd4 Nf6 5. Nc3 a6 6. Be2 e6 7. O-O Be7 8. a4
O-O 9. Kh1 Qc7 10. f4 Nc6 11. Be3 Bd7 12. Bf3 Nxd4 13. Qxd4 e5 14. Qd2 exf4 15.
Bxf4 Be6 16. Rfd1 Rfd8 17. Qf2 Nd7 18. Rd3 Rac8 19. Qg3 Ne5 20. Bxe5 dxe5 21.
Rad1 f6 22. Bg4 Qb6 23. a5 Qc6 24. Nd5 Bxd5 25. exd5 Qxc2 26. Bxc8 Qxc8 27. Rc3
Qd7 28. Qh4 f5 29. Qc4 Bd6 30. Qb3 e4 31. Rc4 Qe7 32. Rdc1 Qe5 33. g3 Rd7 34.
Rc8+ Kf7 35. Qc3 Qxd5 36. Qc4 Qxc4 37. R8xc4 Be5 38. R1c2 h5 39. Kg2 g5 40. b4
Ke6 41. Rc8 f4 42. gxf4 gxf4 43. Re8+ Re7 44. Rxe7+ Kxe7 45. Rc4 e3 46. Kf3 Ke6
47. Rc5 Kd6 48. Rc8 Kd5 49. Rd8+ Kc4 50. Rd7 Kxb4 51. Rxb7+ Kxa5 52. Rh7 Kb4 53.
Rxh5 Bc7 54. Rh7 Bd6 55. Rd7 Kc5 56. h4 a5 57. h5 Be5 58. h6 a4 59. Re7 Bd4 60.
Re4 a3 61. Rxd4 Kxd4 62. h7 Kc3 63. h8=Q+ Kb3 64. Qa1 a2 65. Ke2 Ka3 66. Qc3+
Ka4 67. Qb2 1-0

[Event "e2e4 Dublin Easter Masters"]
[Site "Dublin IRL"]
[Date "2012.04.08"]
[Round "7"]
[White "Fox, Anthony"]
[Black "Jackson, Carl"]
[Result "1/2-1/2"]
[WhiteElo "2115"]
[BlackElo "1982"]
[WhiteFideId "2500736"]
[BlackFideId "2502585"]
[EventDate "2012.04.05"]

1. e4 c5 2. Nc3 Nc6 3. Bb5 d6 4. Bxc6+ bxc6 5. f4 Ba6 6. d3 c4 7. Nf3 cxd3 8.
cxd3 Qb6 9. Qe2 Rb8 10. Rb1 g6 11. Be3 Qb7 12. O-O Bg7 13. Qc2 Nf6 14. Kh1 O-O
15. b4 Ne8 16. a4 Qd7 17. Rfd1 Rb7 18. Ne2 Nc7 19. Bd4 Rfb8 20. Bxg7 Kxg7 21.
Qc3+ Kg8 22. Ng3 Rb6 23. f5 Bc8 24. Rf1 a5 25. fxg6 hxg6 26. b5 cxb5 27. Qxa5
Ra6 28. Qd2 Rxa4 29. Qh6 Ne6 30. Nh4 Qe8 31. Rf2 1/2-1/2

[Event "e2e4 Dublin Easter Masters"]
[Site "Dublin IRL"]
[Date "2012.04.08"]
[Round "7"]
[White "Omtvedt, Per"]
[Black "Djuric, Olgica"]
[Result "1/2-1/2"]
[WhiteElo "2100"]
[BlackElo "1851"]
[WhiteFideId "1503235"]
[BlackFideId "943860"]
[EventDate "2012.04.05"]

1. e4 c5 2. Nc3 Nc6 3. g3 g6 4. Bg2 Bg7 5. d3 Rb8 6. Be3 b5 7. Qd2 b4 8. Nd1 d6
9. Ne2 e6 10. O-O Nge7 11. Bh6 O-O 12. Bxg7 Kxg7 13. Ne3 e5 14. f4 f6 15. c4 Nd4
16. Nxd4 exd4 17. Nd5 Nxd5 18. exd5 Re8 19. Rfe1 Bf5 20. Rxe8 Qxe8 21. Re1 Qd7
22. Be4 Bxe4 23. Rxe4 Re8 1/2-1/2

[Event "e2e4 Dublin Easter Masters"]
[Site "Dublin IRL"]
[Date "2012.04.08"]
[Round "7"]
[White "Korhonen, Pasi"]
[Black "Christiansen, Johan-Sebastian"]
[Result "1/2-1/2"]
[WhiteElo "2063"]
[BlackElo "1938"]
[WhiteFideId "502146"]
[BlackFideId "1512668"]
[EventDate "2012.04.05"]

1. e4 e5 2. Nf3 Nc6 3. Bb5 f5 4. d4 fxe4 5. Nxe5 Qf6 6. Bxc6 bxc6 7. O-O d6 8.
Nxc6 Bd7 9. d5 Ne7 10. Nxe7 Bxe7 11. Nc3 Qg6 12. Qe2 Bf5 13. Qb5+ Kf7 14. Ne2
Rhf8 15. Ng3 Kg8 16. Qe2 Bh4 17. Be3 Rab8 18. c4 Bf6 19. Nxf5 Qxf5 20. Rab1 Be5
21. b4 Rf6 22. Rb3 Rbf8 23. Ra3 Rg6 24. Bc1 Rff6 25. c5 Bd4 26. cxd6 cxd6 27.
Bb2 Bxb2 28. Qxb2 Qxd5 29. Qb3 1/2-1/2

[Event "e2e4 Dublin Easter Masters"]
[Site "Dublin IRL"]
[Date "2012.04.08"]
[Round "7"]
[White "Morriss, Pete"]
[Black "Mihajlov, Svetoslav"]
[Result "1/2-1/2"]
[WhiteElo "2006"]
[BlackElo "2093"]
[WhiteFideId "2500230"]
[BlackFideId "1507168"]
[EventDate "2012.04.05"]

1. b4 Nf6 2. Bb2 e6 3. b5 b6 4. c4 Bb7 5. e3 Be7 6. Nf3 O-O 7. Be2 d6 8. O-O c5
9. d4 cxd4 10. Nxd4 Qc7 11. Nd2 g6 12. Qb3 e5 13. Nc2 Nbd7 14. Nb4 Nc5 15. Qc2
Rad8 16. Rfd1 d5 17. Nf3 Ncd7 18. cxd5 Qxc2 19. Nxc2 Bd6 20. Na3 e4 21. Nd4 Bxd5
22. Nc6 Rde8 23. Rxd5 Nxd5 24. Rd1 Bxa3 25. Bxa3 Nc3 26. Rxd7 Nxe2+ 27. Kf1 Nc3
28. Bb2 Na4 29. Bf6 h6 30. Be7 Nc3 31. Nd4 Nxa2 32. Bxf8 Kxf8 33. Rxa7 Nc3 34.
Ra6 Nd5 35. Ke1 Rc8 36. Kd2 Rc5 37. Ra8+ Kg7 38. Rb8 h5 39. Re8 Nc3 40. Rb8 Nxb5
41. Rxb6 Na3 42. Rb7 Kf6 43. h4 Nc4+ 44. Ke2 Ra5 45. g3 Ra2+ 46. Kf1 Ne5 47.
Rb6+ Kg7 48. Ne2 Nf3 49. Rb4 Nh2+ 50. Ke1 Ra1+ 51. Kd2 Ra2+ 52. Kd1 Nf3 53. Nc3
Rd2+ 54. Kc1 Rxf2 55. Nxe4 Re2 56. Rb3 Ne5 57. Kd1 Rg2 58. Ke1 f5 59. Rb7+ Kf8
60. Rb8+ Ke7 61. Rb7+ Ke6 62. Ng5+ Kd6 63. e4 Rxg3 64. exf5 gxf5 65. Rh7 Kd5 66.
Rxh5 Kd4 67. Kf2 Rc3 68. Rh8 Ng4+ 69. Ke2 Re3+ 70. Kd2 Rg3 71. Rd8+ Ke5 72. Re8+
Kf6 73. Rf8+ Kg6 74. Rg8+ Kf6 75. Rf8+ Ke5 76. Re8+ 1/2-1/2

[Event "e2e4 Dublin Easter Masters"]
[Site "Dublin IRL"]
[Date "2012.04.08"]
[Round "7"]
[White "Salter, David"]
[Black "Capitelli, Paolo"]
[Result "0-1"]
[WhiteElo "1897"]
[BlackElo "2122"]
[WhiteFideId "2501988"]
[BlackFideId "809330"]
[EventDate "2012.04.05"]

1. d4 Nf6 2. Nf3 g6 3. Nc3 d5 4. Bf4 c6 5. Qd2 Bg7 6. Bh6 O-O 7. h4 Bf5 8. Bxg7
Kxg7 9. h5 gxh5 10. Ne5 Bg6 11. g4 Nxg4 12. Nxg4 hxg4 13. Qh6+ Kh8 14. e3 Rg8
15. Bd3 f5 16. O-O-O Nd7 17. Ne2 Qf8 18. Qf4 e6 19. Rh6 Qg7 20. Rdh1 Nf6 21. Qg5
Ne4 22. Bxe4 fxe4 23. Qxg4 Bf5 24. Qh4 Qf7 25. Nf4 Rg7 26. Rf6 Qe7 27. Qh6 Rag8
28. Rh5 Rg1+ 0-1

[Event "e2e4 Dublin Easter Masters"]
[Site "Dublin IRL"]
[Date "2012.04.08"]
[Round "7"]
[White "Madynski, Pawel"]
[Black "Cafolla, Peter"]
[Result "1-0"]
[WhiteElo "2128"]
[BlackElo "2034"]
[WhiteFideId "1108751"]
[BlackFideId "2500884"]
[EventDate "2012.04.05"]

1. Nf3 d5 2. c4 e6 3. b3 c5 4. Bb2 Nc6 5. cxd5 exd5 6. d4 Nf6 7. e3 Bf5 8. Bd3
Bxd3 9. Qxd3 cxd4 10. Nxd4 Bd6 11. Nf5 Bb4+ 12. Nc3 O-O 13. a3 Ba5 14. O-O Ne5
15. Qb5 a6 16. Qxb7 Nd3 17. b4 Nxb2 18. bxa5 Nc4 19. Nxd5 Nxa5 20. Nxf6+ Qxf6
21. Qd5 Nc6 22. e4 Ne7 23. Nxe7+ Qxe7 24. Rfb1 Rab8 25. a4 Rb4 26. Rxb4 Qxb4 27.
a5 h6 28. Rc1 Rb8 29. f3 Rb5 30. Qa8+ Kh7 31. Qxa6 Rxa5 32. Qd3 Qb6+ 33. Kh1 Qb2
34. Qb1 Qd4 35. h3 Qe5 36. Rd1 Rb5 37. Qc1 h5 38. Qc4 f6 39. f4 Qb8 40. f5 Rb4
41. Qe2 Qe8 42. Re1 g6 43. fxg6+ Qxg6 44. e5 fxe5 45. Qxe5 Rb1 46. Qe7+ Kh6 47.
Qf8+ Kh7 48. Qe7+ Kh6 49. Qe3+ Kh7 50. Qe7+ Kh6 51. Qe3+ Kh7 52. Rxb1 Qxb1+ 53.
Kh2 Qb8+ 54. Kg1 Qb2 55. Qg5 Qd4+ 56. Kf1 Qd3+ 57. Kf2 Qd1 58. Qe7+ Kg6 59. Qe8+
Kg5 60. Qe2 Qd5 61. Qe3+ Kf6 62. Qf4+ Kg6 63. Qg3+ Kh6 64. Qe3+ Kg7 65. Kg3 Kg6
66. Qe8+ Kh6 67. Qe7 Qd3+ 68. Kh4 Qd4+ 69. Kg3 Qd3+ 70. Kf2 Qf5+ 71. Ke3 Qf1 72.
Qe6+ Kg7 73. Qe5+ Kg6 74. Qe4+ Kg7 75. Qe5+ Kg8 76. Qd5+ Kg7 77. Qg5+ Kh7 78.
Qxh5+ Kg7 79. Qg5+ Kh8 80. h4 Qc1+ 81. Kf3 Qd1+ 82. Kf4 Qf1+ 83. Ke5 Qb5+ 84.
Kf6 Qf1+ 85. Kg6 Qf7+ 86. Kxf7 1-0

[Event "e2e4 Dublin Easter Masters"]
[Site "Dublin IRL"]
[Date "2012.04.08"]
[Round "7"]
[White "Alfredsen, John Rune"]
[Black "O'Donnell, Conor"]
[Result "1/2-1/2"]
[WhiteElo "2077"]
[BlackElo "1804"]
[WhiteFideId "1507184"]
[BlackFideId "2504243"]
[EventDate "2012.04.05"]

1. e4 c6 2. d4 d5 3. exd5 cxd5 4. Bd3 Nc6 5. c3 Nf6 6. Bf4 g6 7. Nf3 Bg7 8. h3
O-O 9. O-O Nh5 10. Bh2 Bh6 11. Re1 Nf4 12. Bxf4 Bxf4 13. Nbd2 Bf5 14. Bxf5 gxf5
15. g3 Bc7 16. Ne5 Nxe5 17. dxe5 e6 18. Nf3 Kh8 19. h4 h6 20. Nd4 Kh7 21. Qh5
Qe7 22. Re2 Rg8 23. Kh2 a6 24. Rg1 Rg6 25. Nf3 Rh8 26. Ng5+ Kg8 27. Nh3 Kf8 28.
Nf4 Rg7 29. Qf3 Bd8 30. b3 Qc7 31. c4 dxc4 32. bxc4 Rg4 33. Rb1 Qxc4 34. Rxb7 h5
35. Rd2 Kg7 36. Rdd7 Rf8 37. Nxh5+ Kg8 38. Rxd8 Rxd8 39. Nf6+ Kf8 40. Nxg4 Qxg4
41. Qa3+ Kg8 42. Qe7 Rf8 43. Qg5+ Qxg5 44. hxg5 Rd8 45. Rb2 Rd4 46. f4 Kg7 47.
Kh3 Kg6 48. Rb3 Rd5 49. a3 Rd4 50. Kg2 Kh5 51. Kf3 Rc4 52. Rd3 Ra4 53. Ke2 Rc4
54. Rd7 Kg6 55. Rd3 1/2-1/2

[Event "e2e4 Dublin Easter Masters"]
[Site "Dublin IRL"]
[Date "2012.04.08"]
[Round "7"]
[White "Healy, John"]
[Black "Carlile, Orison"]
[Result "1/2-1/2"]
[WhiteElo "1840"]
[BlackElo "2048"]
[WhiteFideId "2500965"]
[BlackFideId "2504120"]
[EventDate "2012.04.05"]

1. e4 e6 2. d4 d5 3. e5 c5 4. c3 Nc6 5. Nf3 Bd7 6. a3 f6 7. exf6 Nxf6 8. Bd3 Qb6
9. O-O O-O-O 10. dxc5 Bxc5 11. b4 Bd6 12. Be3 Qc7 13. c4 dxc4 14. Bxc4 Ne5 15.
Nbd2 Nxc4 16. Nxc4 Bb5 17. Nxd6+ Rxd6 18. Rc1 Rc6 19. Re1 Rd8 20. Rxc6 Bxc6 21.
Qe2 Bxf3 22. Qxf3 Rd3 23. Bf4 Rxf3 24. Bxc7 Rxa3 25. Be5 Rb3 26. Bd6 Kd7 27. Bf8
g6 28. h3 Nd5 29. Re4 1/2-1/2

[Event "e2e4 Dublin Easter Masters"]
[Site "Dublin IRL"]
[Date "2012.04.08"]
[Round "7"]
[White "Grebstad, Kjell Borre"]
[Black "Puroila, Sippo"]
[Result "1-0"]
[WhiteElo "1987"]
[BlackElo "1886"]
[WhiteFideId "1509640"]
[BlackFideId "504572"]
[EventDate "2012.04.05"]

1. d4 Nf6 2. c4 c5 3. d5 e5 4. Nc3 d6 5. e4 Be7 6. Be2 Nbd7 7. Be3 Nf8 8. h3 Ng6
9. Qd2 a6 10. Nf3 Bd7 11. a4 b6 12. O-O Rb8 13. Ne1 Qc8 14. Kh2 h5 15. Nd3 h4
16. f4 exf4 17. Bxf4 Nh5 18. Bxh5 Rxh5 19. Qe2 Nxf4 20. Rxf4 g6 21. e5 dxe5 22.
Nxe5 Qc7 23. Re1 Rxe5 24. Qxe5 Qxe5 25. Rxe5 Kf8 26. Ne4 f5 27. d6 Bd8 28. Nc3
Bf6 29. Re1 Re8 30. Rxe8+ Kxe8 31. Rf3 Be5+ 32. Kg1 Bxd6 33. b3 Bc6 34. Rd3 Kd7
35. Nd5 b5 36. cxb5 axb5 37. axb5 Bxb5 38. Nb6+ Ke6 39. Nc4 Bf4 40. Kf2 Bc6 41.
Rd8 g5 42. Rc8 Kd7 43. Rf8 Ke6 44. Rc8 Kd7 45. Rg8 Be4 46. Rg6 Kc7 47. Rf6 Bc2
48. Ne3 Bxb3 49. Rxf5 Kd6 50. Rf8 Be6 51. Kf3 Bd5+ 52. Nxd5 Kxd5 53. Rd8+ Kc4
54. Ke4 Bc1 55. Rc8 Bf4 56. Rc6 Bc1 57. Ra6 Bf4 58. Rc6 Bc1 59. Kf3 Bf4 60. Ke2
Kd4 61. Kd1 Kc4 62. Kc2 Be3 63. Rd6 Bf4 64. Rd3 Be5 65. Ra3 Bd4 66. g3 Bf2 67.
gxh4 gxh4 68. Ra4+ Kd5 69. Kd3 Bg3 70. Rg4 Ke6 71. Ke4 Bf2 72. Rg6+ Kf7 73. Rc6
Ke7 74. Kd5 Kf7 75. Ke5 Bd4+ 76. Kf5 Ke7 77. Rh6 Bf2 78. Ke5 Bd4+ 79. Kd5 Bf2
80. Ra6 Bd4 81. Re6+ Kf7 82. Re4 Kg6 83. Ke6 Kg5 84. Rg4+ Kh5 85. Kf5 Bb2 86.
Rg8 Kh6 87. Kg4 c4 88. Kxh4 Bf6+ 89. Kg4 c3 90. Rc8 Kh7 91. Rc6 Be5 92. Kg5 Bd4
93. Rc7+ Kg8 94. Kg6 Kf8 95. h4 Ke8 96. Rc4 Bf2 97. h5 Bc5 98. Rxc5 c2 99. Rxc2
Ke7 100. h6 Ke8 101. h7 Ke7 102. h8=Q Kd7 103. Qd4+ Ke8 104. Re2+ 1-0

[Event "e2e4 Dublin Easter Masters"]
[Site "Dublin IRL"]
[Date "2012.04.09"]
[Round "8"]
[White "Romero Holmes, Alfonso"]
[Black "Hebden, Mark L"]
[Result "0-1"]
[WhiteTitle "GM"]
[BlackTitle "GM"]
[WhiteElo "2501"]
[BlackElo "2514"]
[WhiteFideId "2200066"]
[BlackFideId "400084"]
[EventDate "2012.04.05"]

1. c4 g6 2. e4 Bg7 3. Ne2 d6 4. Nbc3 Nf6 5. g3 O-O 6. Bg2 c5 7. d3 Nc6 8. O-O a6
9. h3 Rb8 10. a4 Ne8 11. Be3 e5 12. Qd2 Nc7 13. a5 Nd4 14. Bxd4 cxd4 15. Nd5
Nxd5 16. exd5 b5 17. axb6 Qxb6 18. Rfb1 Qb4 19. Qd1 Bh6 20. Nc3 Rd8 21. Na4 Bd7
22. Bf1 a5 23. Ra3 Rdc8 24. h4 Qd2 25. Qxd2 Bxd2 26. Rd1 Bh6 27. Rda1 Rb4 28.
Be2 Bxa4 29. Rxa4 Rxb2 30. R1a2 Rxa2 31. Rxa2 Ra8 32. Bd1 f5 33. Bc2 Bd2 34. Ba4
Bc3 35. f3 Kg7 36. Kf2 Kf6 37. Ra3 Bb4 38. Ra1 Rc8 39. Ke2 h5 40. Rf1 Rb8 41.
Rb1 g5 42. hxg5+ Kxg5 43. Kf2 Rh8 44. Rg1 Bc5 45. Rb1 h4 46. Kg2 hxg3 47. Kxg3
Bb4 48. f4+ exf4+ 49. Kg2 f3+ 50. Kg3 Bd2 51. Rb7 Bf4+ 52. Kxf3 Rh3+ 53. Kg2
Rxd3 54. Rg7+ Kf6 55. Rg8 Kf7 56. Ra8 Ra3 57. Rxa5 Kf6 58. Ra6 d3 59. Kf3 d2+
60. Ke2 Ra1 0-1

[Event "e2e4 Dublin Easter Masters"]
[Site "Dublin IRL"]
[Date "2012.04.09"]
[Round "8"]
[White "Kvisvik, Brede"]
[Black "Williams, Simon K"]
[Result "1/2-1/2"]
[WhiteTitle "FM"]
[BlackTitle "GM"]
[WhiteElo "2304"]
[BlackElo "2506"]
[WhiteFideId "1502999"]
[BlackFideId "404454"]
[EventDate "2012.04.05"]

1. d4 e6 2. e4 d5 3. Nc3 Bb4 4. e5 Ne7 5. a3 Bxc3+ 6. bxc3 c5 7. Qg4 Qc7 8. Qxg7
Rg8 9. Qxh7 cxd4 10. Ne2 dxc3 11. f4 Nbc6 12. Qd3 Nf5 13. Qxc3 Bd7 14. Rb1 d4
15. Qd3 O-O-O 16. Rg1 Na5 17. Rb4 a6 18. g4 Nh4 19. a4 Bc6 20. Rg3 Bd5 21. Rxd4
Nc6 22. Qc3 Nxd4 23. Qxc7+ Kxc7 24. Nxd4 Bc4 25. c3 Bxf1 26. Kxf1 Rd5 27. f5
exf5 28. Bf4 Rxg4 29. Rxg4 fxg4 30. e6+ Kd8 31. Bg5+ Rxg5 32. exf7 Ke7 33. f8=Q+
Kxf8 34. Ne6+ Ke7 35. Nxg5 Kd6 36. Ke2 Kd5 37. Ke3 Ng6 38. Ne4 b6 39. Nf6+ Kc4
40. Ke4 Nh4 41. Nd5 Nf3 42. Nxb6+ Kxc3 43. Nd5+ Kc4 44. Ne3+ Kb4 45. Nxg4 Nxh2
46. Nxh2 Kxa4 47. Kd3 Kb3 48. Nf3 a5 49. Nd4+ Kb2 50. Kc4 a4 51. Nb5 a3 52. Nxa3
Kxa3 1/2-1/2